000 00850nam a2200217 a 4500
001 000042003
005 20201002035859.0
008 131029s1998 sp 001 0 spa d
020 _a8400077466
040 _aDO-SdBNP
_bspa
_cBNPHU
100 1 _aSalicrú Lluch, Roser
_967932
245 1 3 _aEl sultanat de Granada i la Corona d'Aragó, 1410-1458 /
_cRoser Salicrú i Lluch.
260 _aBarcelona :
_bConsell Superior d'Investigacions Científiques. Institució Milà i Fontanals,
_c1998.
300 _a560 p. ;
_c21 cm.
490 1 _aAnuario de estudios medievales. Anejo
_v33
504 _aBibliografía : p. 503-534
504 _aIncluye referencias bibliográficas y notas al pie de las páginas
500 _aIncluye índice
710 2 _aInstitución Milá y Fontanals
_967933
830 0 _aAnuario de estudios medievales. Anejo
_v33
_964050
999 _c41492
_d41492